Akademická Dubnica 2003 : Zborník prednášok

Uložené v:
Podrobná bibliografia
Korporativný autor: Medzinárodná vedecká konferencia Dubnica nad Váhom
Médium: Konferenčný príspevok.. Kniha
Jazyk:Slovak
English
Czech
Vydavateľské údaje: Bratislava : STU v Bratislave, 2003
Predmet:
Tagy: Pridať tag
Žiadne tagy, Buďte prvý, kto otaguje tento záznam!

MARC

LEADER 00000nam a22000003a 4500
001 stu81904
005 20150408161517.7
008 030926s2003----xo------------------slo-d
020 |a 80-227-1915-3 
040 |a STU  |b slo 
041 0 |a slo  |a eng  |a cze 
044 |a xo 
080 |a 621(082)  |7 stu_us_auth*stu3307 
111 2 |a Medzinárodná vedecká konferencia  |n (9. :  |d 18.-19.6.2003 :  |c Dubnica nad Váhom) 
245 |a Akademická Dubnica 2003 :  |b Zborník prednášok 
260 |a Bratislava :  |b STU v Bratislave,  |c 2003 
300 |a 382 s 
650 7 |a strojárstvo  |2 stusub 
996 |b 284M057925  |c M*Z-2282  |l MMKN  |s A  |a 24  |w stu81904_0001 
996 |b 284M057862  |c M*Z-2254  |l MMST  |s P  |a 0  |w stu81904_0002